El diseño de procesos y la reducción del tiempo de servicio
Đã lưu trong:
| Nhiều tác giả của công ty: | , |
|---|---|
| Định dạng: | Sách |
| Ngôn ngữ: | Tiếng Tây Ban Nha |
| Được phát hành: |
Barcelona
Folio
1997
|
| Loạt: | Biblioteca IESE de Gestión de Empresas
|
| Những chủ đề: | |
| Các nhãn: |
Thêm thẻ
Không có thẻ, Là người đầu tiên thẻ bản ghi này!
|
MARC
| LEADER | 00000nam a2200000 a 4500 | ||
|---|---|---|---|
| 001 | UCM1245 | ||
| 003 | CL-VaPUC | ||
| 008 | 020328e19970000SP |||||||||||||||||spa|d | ||
| 082 | 0 | 4 | |a 658.5 |b UNI |2 21 |
| 110 | 2 | |a Universidad de Navarra |e author |9 468267 | |
| 710 | 2 | |a IESE |e author |9 468268 | |
| 245 | 1 | 3 | |a El diseño de procesos y la reducción del tiempo de servicio |
| 300 | |a 113 p | ||
| 942 | |c BK | ||
| 945 | |d 20020328 00:00:00 |a cmena | ||
| 260 | |a Barcelona |b Folio |c 1997 | ||
| 650 | 0 | |a Gestión de la producción |9 259467 | |
| 650 | 0 | |a Calidad total |9 259929 | |
| 650 | 0 | |a Planificación estratégica |9 259735 | |
| 583 | |a last modification |c 20020328 00:00:00 |k Rodrigo Vera | ||
| 490 | 0 | |a Biblioteca IESE de Gestión de Empresas | |
| 999 | |c 299841 |d 299839 | ||
| 952 | |0 0 |1 0 |4 0 |6 658_500000000000000_UNI_1997 |7 0 |8 A |9 356820 |a BIBGIM |b BIBGIM |d 2019-11-21 |i 3800903 |o 658.5 UNI 1997 |p 3800903 |r 2025-01-15 |w 2019-11-21 |y BK |k GIM | ||